MLB Managers Since 2000 - Statistics

General Stats
  • This quiz has been taken 36 times
    26 since last reset
  • The average score is 110 of 207
Answer Stats
Hint Answer % Correct
2016 - Dave Roberts
100%
2018 - 2019 | 2021 - 2026 Alex Cora
95%
1998 - 2000 | 2003 - 2006 | 2010 - 2018 | 2022 - 2023 Buck Showalter
95%
2000 | 2004 - 2011 | 2013 - 2023 | 2025 - Terry Francona
95%
2009 - 2010 | 2015 - 2019 | 2021 - A.J. Hinch
90%
2006 | 2008 - 2017 | 2020 - 2022 Joe Girardi
90%
2006 - 2014 | 2015 - 2019 | 2020 - 2022 Joe Maddon
90%
1999 - 2007 | 2008 - 2010 Joe Torre
90%
2024 - Stephen Vogt
90%
1996 - 2011 | 2021 - 2022 Tony La Russa
90%
2018 - Aaron Boone
85%
2001 - 2003 Bob Boone
85%
1995 - 2006 | 2007 - 2019 | 2023 - 2025 Bruce Bochy
85%
2001 - 2002 Buck Martinez
85%
2018 - 2025 Dave Martinez
85%
2020 - 2023 David Ross
85%
1993 - 2002 | 2003 - 2006 | 2008 - 2013 | +2 others Dusty Baker
85%
1990 - 2010 Bobby Cox
80%
2007 - 2015 | 2017 - 2025 Bud Black
80%
2015 - 2023 | 2024 - Craig Counsell
80%
2011 - 2015 | 2016 - 2022 Don Mattingly
80%
2023 - John Schneider
80%
2015 - Kevin Cash
80%
2003 - 2004 | 2005 - 2009 | 2012 - 2021 | +2 others Bob Melvin
75%
1999 - 2000 | 2012 - 2013 Davey Johnson
75%
2007 - 2010 | 2011 - 2016 Fredi Gonzalez
75%
2006 - 2013 Jim Leyland
75%
2000 - 2018 Mike Scioscia
75%
2004 - 2011 | 2012 Ozzie Guillen
75%
2024 - Pat Murphy
75%
2023 - 2026 Rob Thomson
75%
2007 - 2014 | 2024 - 2025 Ron Washington
75%
2019 - 2025 Brandon Hyde
70%
2017 - 2025 Brian Snitker
70%
2000 - 2002 | 2005 - 2013 Charlie Manuel
70%
2020 - 2025 | 2026 - Derek Shelton
70%
2018 - 2019 | 2020 - 2023 Gabe Kapler
70%
1998 - 2003 | 2009 - 2010 Jerry Manuel
70%
2003 - 2008 | 2010 - 2019 Ned Yost
70%
2022 - Oliver Marmol
70%
2019 - 2025 Rocco Baldelli
70%
2023 - 2024 | 2026 - Skip Schumaker
70%
2011 - 2017 Terry Collins
70%
1996 - 2002 | 2012 Bobby Valentine
65%
2002 - 2009 | 2011 - 2019 Clint Hurdle
65%
2019 - 2024 David Bell
65%
2024 - Joe Espada
65%
2011 - 2012 | 2013 - 2017 John Farrell
65%
2022 - Mark Kotsay
65%
2018 - 2021 | 2024 - 2025 Mike Shildt
65%
1986 - 2001 Tom Kelly
65%
2000 - 2002 | 2005 - 2007 Buddy Bell
60%
2026 - Don Kelly
60%
2026 - Kurt Suzuki
60%
1993 - 2002 | 2003 - 2005 | 2007 - 2010 Lou Piniella
60%
2023 - Matt Quatraro
60%
2014 - 2015 Matt Williams
60%
2012 - 2018 | 2020 - 2022 Mike Matheny
60%
2002 - 2014 | 2018 - 2020 Ron Gardenhire
60%
2016 - 2024 Scott Servais
60%
2017 - Torey Lovullo
60%
2013 - 2016 | 2026 - Walt Weiss
60%
2014 - 2017 | 2019 Brad Ausmus
55%
2024 - Carlos Mendoza
55%
2024 - Dan Wilson
55%
1997 - 2001 | 2002 - 2004 Jimy Williams
55%
2018 - 2019 Mickey Callaway
55%
2019 - 2022 Chris Woodward
50%
2008 - 2010 Cito Gaston
50%
2002 - 2006 Frank Robinson
50%
2004 - 2008 | 2013 - 2018 John Gibbons
50%
2023 Phil Nevin
50%
2026 - Tony Vitello
50%
2025 - Will Venable
50%
2026 - Craig Albernaz
45%
2011 - 2014 Kirk Gibson
45%
2016 - 2019 Andy Green
40%
2019 - 2022 Charlie Montoyo
40%
2001 - 2005 | 2014 - 2015 Lloyd McClendon
40%
2020 - 2021 Luis Rojas
40%
2013 - 2015 Mike Redmond
40%
2023 - 2024 Pedro Grifol
40%
2011 - 2015 Ron Roenicke
40%
2014 - 2015 Ryne Sandberg
40%
2013 - 2014 Bo Porter
35%
2026 - Craig Stammen
35%
2002 - 2003 | 2006 - 2007 Grady Little
35%
2020 - 2021 Jayce Tingler
35%
2015 - 2018 Jeff Banister
35%
2015 - 2018 Paul Molitor
35%
2014 | 2017 - 2020 Rick Renteria
35%
1996 - 2002 | 2003 - 2004 Art Howe
30%
2026 - Blake Butera
30%
2014 - 2018 Bryan Price
30%
2025 - Clayton McCullough
30%
1997 - 2000 | 2003 - 2005 Jack McKeon
30%
2001 - 2004 Bob Brenly
25%
1992 - 2001 | 2003 - 2006 Felipe Alou
25%
2000 - 2002 | 2005 - 2007 Phil Garner
25%
2012 - 2016 Robin Ventura
25%
2008 - 2009 Cecil Cooper
20%
2015 - 2016 Chip Hale
20%
2011 Edwin Rodriguez
20%
2003 - 2009 | 2011 - 2013 Eric Wedge
20%
2008 - 2010 John Russell
20%
2003 - 2006 | 2009 - 2010 Ken Macha
20%
2007 - 2009 | 2010 - 2012 Manny Acta
20%
2016 - 2017 Pete Mackanin
20%
2002 - 2005 Tony Peña
20%
2026 - Warren Schaeffer
20%
2005 - 2008 Willie Randolph
20%
2003 - 2005 Alan Trammell
15%
2012 - 2013 Dale Sveum
15%
2007 - 2010 Dave Trembley
15%
2000 - 2002 Davey Lopes
15%
2000 - 2002 Don Baylor
15%
2009 - 2010 Don Wakamatsu
15%
2001 - 2002 Hal McRae
15%
2002 - 2003 Jeff Torborg
15%
2010 - 2011 Jim Riggleman
15%
2001 - 2005 | 2006 - 2007 | 2010 - 2012 Jim Tracy
15%
2001 - 2004 Larry Bowa
15%
2004 - 2005 Lee Mazzilli
15%
2000 - 2003 | 2005 - 2007 Mike Hargrove
15%
2011 Mike Quade
15%
2007 - 2011 Bob Geren
10%
2010 - 2012 Brad Mills
10%
2002 - 2004 Carlos Tosca
10%
2004 - 2005 Dave Miley
10%
1997 - 2000 Gene Lamont
10%
2002 | 2006 - 2007 Jerry Narron
10%
1999 - 2000 Jim Fregosi
10%
2001 Joe Kerrigan
10%
1995 - 2001 Johnny Oates
10%
1998 - 2001 Larry Rothschild
10%
2020 Ron Roenicke
10%
2005 - 2007 Sam Perlozzo
10%
2008 - 2010 Trey Hillman
10%
1999 - 2001 John Boles
5%
2007 - 2008 John Mclaren
5%
1997 - 2001 Larry Dierker
5%
1997 - 2002 Tony Muser
5%
No matching quizzes found
Score Distribution
Percent of People with Each Score
Percentile by Number Answered
Your Score History
You have not taken this quiz since the last reset